| 000 | 00478nam a2200181 a 4500 | ||
|---|---|---|---|
| 001 | 1772188197548 | ||
| 003 | YourLibrary | ||
| 005 | 20260227160154.0 | ||
| 008 | 260227s2009##################000#0#eng## | ||
| 020 | _a9780230219632 | ||
| 082 | 0 | 4 |
_a324.62 _bBEC |
| 100 | 1 |
_aBeckman, L., _eauthor. |
|
| 245 | 1 | 0 | _aThe Frontiers of Democracy : |
| 260 |
_bPalgrave Macmillan, _c2009. |
||
| 650 | 0 | _aPolitical Science. | |
| 942 | _cENGLISH | ||
| 040 |
_aYourLibrary _beng _cYourLibrary |
||
| 999 |
_c615917 _d615917 |
||